000 00640cas1a220019300 4500
001 zam00005815
008 951212n xx eng u
022 _a0008-1221
035 _a(Sirsi) r22990
035 _a(MACHINE)00833
245 0 0 _aCalifornia law review.
260 _aBerkerly :
_bUniversity of Carlifornia.
310 _a6 Times a Year
362 _aVol. 46, No. 1, 1958 - Vol. 81, No. 1, 1993
520 _aThis is a journal that publishes articles that review cases and scenarios in the legal practice in Californai
650 _aLaw.
_6S3984.1
949 _aK1
_wlcc
_i-22281
_mMAIN
_p000
_tBOOK
_lON-SHELF
004 22990
999 _c181306
_d181306